000 00805nmm a2200301 a 4500
003 AR-BaBNM
005 20251128203056.0
008 157019s1988 ||||||||||||||000 | spa||
040 _cAR-BaBNM
245 1 0 _aArmenia a través de su prosa
_bdesde el siglo V hasta nuestros días
260 _aBuenos Aires
_bPalabra Gráfica
_c1988
300 _a310 p.
_bil.
650 4 _aHISTORIA LITERARIA
650 4 _aANTOLOGIAS
650 4 _aESCRITORES
650 4 _aCULTURAS ASIATICAS
650 4 _aHISTORIA ASIATICA
650 4 _aRELIGION
650 4 _aTRADICION ORAL
650 4 _aLITERATURA FOLKLORICA
650 4 _aHISTORIA SOCIAL
650 4 _aLITERATURA ASIATICA
651 4 _aArmenia
655 _aLITERATURA
700 1 _aSarafián, Jorge
_ecompilador
942 _cBK
998 _cMARTIN
999 _c1767
_d1767